|
|
|
|
| LEADER |
00000cam a2200000 7i4500 |
| 001 |
0000001327 |
| 005 |
20140419.0 |
| 020 |
0 |
0 |
|a 9834008309
|
| 090 |
0 |
0 |
|a 634.972
|b LIM 1999
|
| 100 |
1 |
0 |
|a LIM
|h Hin Fui
|
| 245 |
1 |
4 |
|a The role of research and development in sustainable utilisation of Matang Mangroves in Malaysia
|c Lim Hin Fui
|
| 260 |
0 |
0 |
|a Serdang, Selangor :
|b Asia Pacific Association of Forestry Research Institutions ,
|c 1999
|
| 300 |
|
|
|a vii, 45 p. :
|b col. ill., map ;
|c 26 cm.
|
| 440 |
0 |
0 |
|a APAFRI publication series ; no. 2
|
| 500 |
0 |
0 |
|a Bibliography : [p. 36-40]
|
| 650 |
0 |
0 |
|a Mangrove conservation
|
| 650 |
0 |
0 |
|a Mangrove forests
|x Research
|x Malaysia
|
| 710 |
1 |
1 |
|a Asia Pacific Association of Forestry Research Institutions (APAFRI)
|
| 998 |
|
|
|a JPSM
|
| 999 |
|
|
|a 0000002198
|b Monograph
|c Open Shelf
|e Default branch
|